[Event "Kiel op 28th"]
[Site "Kiel"]
[Date "2015.07.25"]
[Round "2"]
[White "Schumacher, Horst"]
[Black "Lehr, Thomas"]
[Result "0-1"]
[WhiteElo "1815"]
[BlackElo "1939"]
[PlyCount "66"]
[EventDate "2015.07.25"]
[EventType "swiss"]
[EventRounds "9"]
[EventCountry "GER"]
[SourceTitle "CBM 167 Extra"]
[Source "ChessBase"]
[SourceDate "2015.09.14"]
[SourceVersion "1"]
[SourceVersionDate "2015.09.14"]
[SourceQuality "1"]

1. e4 Nf6 2. e5 Nd5 3. d4 d6 4. Nf3 dxe5 5. Nxe5 c6 6. c4 Nb4 7. Be3 Bf5 8. Bd3 Nxd3+ 9. Nxd3 e6 10. 0-0 Be7 11. Nc3 Nd7 12. f3 Nb6 13. b3 0-0 14. Ne5 f6 15. Ng4 Qc7 16. Ne4 Rad8 17. Qe1 Nd7 18. Rd1 b5 19. Bd2 Rde8 20. cxb5 cxb5 21. Rc1 Qb6 22. Be3 Qb8 23. Qd2 Nb6 24. Bf4 Qa8 25. Nd6 Bxd6 26. Bxd6 Rf7 27. Ne3 Bg6 28. Rc3 Nd5 29. Nxd5 Qxd5 30. Bg3 Rd7 31. Bf2 e5 32. Rc5 Qxc5 33. Rc1 Qd6 0-1

[Event "GER-ch 2013-F email"]
[Site "GER email"]
[Date "2015.04.05"]
[Round "?"]
[White "Loeffler, Werner"]
[Black "Schumacher, Horst"]
[Result "1/2-1/2"]
[WhiteElo "2155"]
[BlackElo "2091"]
[PlyCount "73"]
[EventDate "2015.??.??"]
[EventType "tourn (corr)"]
[EventRounds "10"]
[EventCountry "GER"]
[SourceTitle "Corr 2022"]
[Source "ChessBase"]
[SourceDate "2021.10.24"]
[SourceVersion "1"]
[SourceVersionDate "2021.10.24"]
[SourceQuality "1"]

1. d4 d5 2. c4 Bf5 3. cxd5 Bxb1 4. Qa4+ c6 5. Rxb1 Qxd5 6. Nf3 Nd7 7. Bd2 Ngf6 8. e3 e6 9. Qc2 c5 10. Bc4 Qc6 11. 0-0 Bd6 12. Be2 0-0 13. b4 cxb4 14. Qxc6 bxc6 15. Bxb4 Bxb4 16. Rxb4 Rfb8 17. Rb3 Rxb3 18. axb3 Rb8 19. Bc4 Rb7 20. Ra1 c5 21. Kf1 g6 22. Ke1 Kg7 23. Ra5 Rc7 24. h3 h5 25. Ke2 Ne4 26. g4 hxg4 27. hxg4 Kf8 28. Ke1 Nd6 29. Bd3 cxd4 30. Nxd4 Nc5 31. Bc2 e5 32. Nf3 Ncb7 33. Ra2 Rc5 34. b4 Rb5 35. Rxa7 e4 36. Nd4 Rxb4 37. Ra6 1/2-1/2

[Event "GER-ch 2014-E-V7 serv"]
[Site "GER email"]
[Date "2014.12.08"]
[Round "?"]
[White "Grube, Andreas"]
[Black "Schumacher, Horst"]
[Result "1/2-1/2"]
[WhiteElo "2103"]
[BlackElo "2066"]
[PlyCount "48"]
[EventDate "2014.12.22"]
[EventType "tourn (corr)"]
[EventRounds "6"]
[EventCountry "GER"]
[SourceTitle "Corr 2020"]
[Source "ChessBase"]
[SourceDate "2019.09.30"]
[SourceVersion "1"]
[SourceVersionDate "2019.09.30"]
[SourceQuality "1"]

1. Nf3 d5 2. d4 Bf5 3. c4 e6 4. Nc3 Nc6 5. cxd5 exd5 6. a3 Nf6 7. Bg5 Be7 8. e3 Ne4 9. Bxe7 Nxe7 10. Bd3 0-0 11. Bxe4 Bxe4 12. Nxe4 dxe4 13. Nd2 Re8 14. Nxe4 Nf5 15. Nc5 b6 16. Na6 Qc8 17. Qd3 Nxd4 18. Nxc7 Nf3+ 19. gxf3 Qxc7 20. Ke2 Rac8 21. Rad1 g6 22. Qb3 Red8 23. Rxd8+ Rxd8 24. Qc3 Qxc3 1/2-1/2

[Event "Kiel op-B 27th"]
[Site "Kiel"]
[Date "2014.08.07"]
[Round "8"]
[White "Pape, Rainer"]
[Black "Schumacher, Horst"]
[Result "1-0"]
[WhiteElo "1891"]
[BlackElo "1809"]
[PlyCount "53"]
[EventDate "2014.08.02"]
[EventType "swiss"]
[EventRounds "9"]
[EventCountry "GER"]
[SourceTitle "CBM 161 Extra"]
[Source "ChessBase"]
[SourceDate "2014.08.29"]
[SourceVersion "1"]
[SourceVersionDate "2014.08.29"]
[SourceQuality "1"]

1. e4 d5 2. exd5 Nf6 3. Nc3 c6 4. d4 Nxd5 5. Qf3 Be6 6. Nxd5 Bxd5 7. Qe3 f6 8. Ne2 Nd7 9. Nf4 e5 10. c4 Bb4+ 11. Bd2 Bxd2+ 12. Qxd2 Bf7 13. dxe5 Nxe5 14. Qc3 Qc7 15. Be2 0-0 16. 0-0 Nxc4 17. Bxc4 Qxf4 18. Bxf7+ Rxf7 19. Rad1 Qc7 20. Rfe1 Rd8 21. Qb3 Rxd1 22. Rxd1 Kf8 23. Qa3+ Ke8 24. Qxa7 Qc8 25. Qc5 Qc7 26. Qc4 Re7 27. Qg8# 1-0

[Event "Kiel op-B 27th"]
[Site "Kiel"]
[Date "2014.08.04"]
[Round "5"]
[White "Schumacher, Horst"]
[Black "Roca Llorca, Josep"]
[Result "1-0"]
[WhiteElo "1809"]
[BlackElo "1717"]
[PlyCount "37"]
[EventDate "2014.08.02"]
[EventType "swiss"]
[EventRounds "9"]
[EventCountry "GER"]
[SourceTitle "CBM 161 Extra"]
[Source "ChessBase"]
[SourceDate "2014.08.29"]
[SourceVersion "1"]
[SourceVersionDate "2014.08.29"]
[SourceQuality "1"]

1. e4 d5 2. d4 dxe4 3. Nc3 Nf6 4. f3 exf3 5. Nxf3 Bg4 6. h3 Bxf3 7. Qxf3 c6 8. Be3 e6 9. Bd3 Nbd7 10. 0-0 Be7 11. Ne4 0-0 12. Nxf6+ Nxf6 13. c3 Qd5 14. Qg3 Bd6 15. Bf4 Bxf4 16. Rxf4 Nh5 17. Qh4 g6 18. Rg4 Qd8 19. Qxh5 1-0

[Event "GER-ch 2014-C-V8 serv"]
[Site "GER email"]
[Date "2014.07.08"]
[Round "?"]
[White "Schumacher, Horst"]
[Black "Hempel, Reinhard"]
[Result "1/2-1/2"]
[WhiteElo "2032"]
[BlackElo "1990"]
[PlyCount "92"]
[EventDate "2014.07.10"]
[EventType "tourn (corr)"]
[EventRounds "6"]
[EventCountry "GER"]
[SourceTitle "Corr 2015"]
[Source "ChessBase"]
[SourceDate "2015.07.17"]
[SourceVersion "1"]
[SourceVersionDate "2015.07.17"]
[SourceQuality "1"]

1. e4 c5 2. Nf3 d6 3. d4 cxd4 4. Nxd4 Nf6 5. Nc3 a6 6. Be2 e5 7. Nb3 Be7 8. 0-0 0-0 9. Qd3 Be6 10. f4 Nc6 11. f5 Bxb3 12. cxb3 Nd4 13. Bf3 Rc8 14. Be3 b5 15. Rad1 Nxf3+ 16. Rxf3 b4 17. Nd5 Nxd5 18. Qxd5 Rc2 19. Rf2 Qc7 20. Qd3 Rxf2 21. Kxf2 Qa5 22. Ra1 Rd8 23. Qd5 Qxd5 24. exd5 g6 25. fxg6 hxg6 26. Rc1 Rb8 27. Rc6 Rb5 28. Rxa6 Rxd5 29. a4 bxa3 30. bxa3 Rd3 31. b4 Rb3 32. Bc1 f5 33. Ke2 Rb1 34. Ra7 Bf6 35. Bd2 e4 36. g3 Rb2 37. Kd1 Bd4 38. Rc7 Ra2 39. Bf4 Rxa3 40. Bxd6 Ra1+ 41. Rc1 Ra2 42. Rc2 Ra6 43. Bc5 Be5 44. b5 Ra1+ 45. Rc1 Ra5 46. b6 Ra2 1/2-1/2

[Event "GER-ch 2014-C-V8 serv"]
[Site "GER email"]
[Date "2014.07.08"]
[Round "?"]
[White "Schumacher, Horst"]
[Black "Langheld, Werner"]
[Result "1-0"]
[WhiteElo "2052"]
[BlackElo "1998"]
[PlyCount "107"]
[EventDate "2014.07.10"]
[EventType "tourn (corr)"]
[EventRounds "6"]
[EventCountry "GER"]
[SourceTitle "Corr 2020"]
[Source "ChessBase"]
[SourceDate "2019.09.30"]
[SourceVersion "1"]
[SourceVersionDate "2019.09.30"]
[SourceQuality "1"]

1. e4 b6 2. d4 Bb7 3. Nc3 e6 4. Bd3 Nf6 5. Nge2 d5 6. e5 Ng8 7. 0-0 c5 8. Nf4 Nc6 9. dxc5 bxc5 10. Re1 c4 11. Bf1 Bb4 12. a3 Bc5 13. b3 Bd4 14. Bb2 Nh6 15. bxc4 Qb6 16. cxd5 Bxf2+ 17. Kh1 Qxb2 18. Nb5 0-0 19. Rb1 Qa2 20. Re2 Ng4 21. Rb3 Be3 22. h3 Bxf4 23. hxg4 exd5 24. Nc3 Qxb3 25. cxb3 Rad8 26. Nxd5 Bg5 27. Re1 Bh4 28. Re4 Kh8 29. Bc4 Ne7 30. g5 Bxg5 31. Rd4 Ng6 32. Nc3 Nxe5 33. Rxd8 Rxd8 34. Qg1 Bf6 35. Qxa7 Ba8 36. Qb6 h5 37. a4 Re8 38. Be2 h4 39. Kg1 Kg8 40. Kf1 Ng6 41. Qc7 Kh7 42. Qc5 Re5 43. Qc8 Bxg2+ 44. Kxg2 Re3 45. Qf5 Rxc3 46. Bc4 Kg8 47. a5 h3+ 48. Kh1 Rc1+ 49. Bf1 Bd4 50. a6 Ba7 51. Qf3 Bd4 52. Kh2 Rc2+ 53. Kxh3 Rc7 54. Bc4 1-0

[Event "GER-ch 2014-B-V6 serv"]
[Site "GER email"]
[Date "2014.04.27"]
[Round "?"]
[White "Schumacher, Horst"]
[Black "Roeckendorf, Paul Uwe"]
[Result "1/2-1/2"]
[WhiteElo "2032"]
[BlackElo "2139"]
[PlyCount "67"]
[EventDate "2014.05.15"]
[EventType "tourn (corr)"]
[EventRounds "6"]
[EventCountry "GER"]
[SourceTitle "Corr 2015"]
[Source "ChessBase"]
[SourceDate "2015.07.17"]
[SourceVersion "1"]
[SourceVersionDate "2015.07.17"]
[SourceQuality "1"]

1. e4 e5 2. Nf3 d6 3. d4 exd4 4. Nxd4 Nf6 5. Nc3 Be7 6. Bf4 0-0 7. Qd2 Nc6 8. 0-0-0 Nxd4 9. Qxd4 Be6 10. f3 Nd7 11. Nd5 Nb6 12. Nxe7+ Qxe7 13. h4 Rfd8 14. Be2 d5 15. h5 c5 16. Qf2 d4 17. Qh4 Qxh4 18. Rxh4 Rac8 19. Rhh1 f6 20. Kb1 c4 21. Bd2 Na4 22. Bb4 b6 23. h6 a5 24. Be1 g5 25. Rf1 f5 26. g3 c3 27. bxc3 Rxc3 28. Bb5 Ra3 29. exf5 Bxa2+ 30. Kc1 Nc3 31. Bxc3 Rxc3 32. Rf2 Kf7 33. Kb2 Rc5 34. g4 1/2-1/2

[Event "GER-ch 2014-A-V6 serv"]
[Site "GER email"]
[Date "2014.02.14"]
[Round "?"]
[White "Schumacher, Horst"]
[Black "Knoeppel, Peter Otto"]
[Result "1-0"]
[WhiteElo "2032"]
[BlackElo "1733"]
[PlyCount "121"]
[EventDate "2014.02.24"]
[EventType "tourn (corr)"]
[EventRounds "6"]
[EventCountry "GER"]
[SourceTitle "Corr 2015"]
[Source "ChessBase"]
[SourceDate "2015.07.17"]
[SourceVersion "1"]
[SourceVersionDate "2015.07.17"]
[SourceQuality "1"]

1. e4 c6 2. d4 d5 3. exd5 cxd5 4. Bd3 Nc6 5. c3 Qc7 6. h3 e5 7. dxe5 Nxe5 8. Nf3 Nxd3+ 9. Qxd3 Bd6 10. Qxd5 Ne7 11. Qd1 0-0 12. 0-0 b6 13. Nbd2 Bb7 14. Nd4 Ng6 15. N2f3 Ne5 16. Nxe5 Bxe5 17. Be3 Rad8 18. Re1 Rd6 19. f3 Rg6 20. Qe2 Re8 21. Qb5 Qc8 22. Bf4 Ba6 23. Qxe8+ Qxe8 24. Rxe5 Qd7 25. Rae1 h6 26. Kh2 Qa4 27. a3 Bc4 28. Re7 Kh7 29. h4 Ba2 30. Rc7 Qa5 31. Re5 Qa4 32. Ree7 Rf6 33. Bg3 a6 34. h5 Qa5 35. Re5 Qa4 36. Re4 Bd5 37. Ree7 Bb3 38. Kh3 Be6+ 39. Nxe6 Rxe6 40. Rxf7 Qb5 41. Rxg7+ Kh8 42. Rh7+ Kg8 43. Rcg7+ Kf8 44. Rf7+ Kg8 45. Rhg7+ Kh8 46. Kh4 Qf1 47. Rh7+ Kg8 48. Rfg7+ Kf8 49. Rc7 Kg8 50. Rhd7 Rf6 51. Rd8+ Rf8 52. Rd6 Rf5 53. Rg6+ Kh8 54. Rxh6+ Kg8 55. Kg4 Rc5 56. Rg6+ Kh8 57. Rxc5 bxc5 58. Be5+ Kh7 59. g3 Qe2 60. Rg7+ Kh8 61. Bf6 1-0

[Event "GER-ch 2013-F-V6 serv"]
[Site "GER email"]
[Date "2013.12.23"]
[Round "?"]
[White "Drosson, Franz"]
[Black "Schumacher, Horst"]
[Result "1/2-1/2"]
[WhiteElo "1935"]
[BlackElo "2032"]
[PlyCount "67"]
[EventDate "2013.12.31"]
[EventType "tourn (corr)"]
[EventRounds "6"]
[EventCountry "GER"]
[SourceTitle "Corr 2015"]
[Source "ChessBase"]
[SourceDate "2015.07.17"]
[SourceVersion "1"]
[SourceVersionDate "2015.07.17"]
[SourceQuality "1"]

1. e4 e5 2. Nf3 Nc6 3. Bb5 a6 4. Ba4 Nf6 5. 0-0 Bc5 6. c3 b5 7. Bc2 d6 8. d4 exd4 9. cxd4 Bb6 10. h3 Bb7 11. a3 h6 12. Nc3 0-0 13. e5 dxe5 14. dxe5 Qxd1 15. Rxd1 Nh7 16. Nd5 Rfe8 17. Nxb6 cxb6 18. Bf4 Na5 19. Nd2 Nf8 20. b4 Nc4 21. Nxc4 bxc4 22. Rd6 Re6 23. a4 Rxd6 24. exd6 Rd8 25. Rd1 Bc6 26. a5 b5 27. h4 Nd7 28. f3 Nf6 29. Be3 g6 30. Bc5 h5 31. Kf2 Bd7 32. Bb6 Re8 33. Be3 Re6 34. Bc5 1/2-1/2

[Event "GER-ch 2013-F-V6 serv"]
[Site "GER email"]
[Date "2013.12.23"]
[Round "?"]
[White "Knoeppel, Peter Otto"]
[Black "Schumacher, Horst"]
[Result "1/2-1/2"]
[WhiteElo "1733"]
[BlackElo "2032"]
[PlyCount "117"]
[EventDate "2013.12.31"]
[EventType "tourn (corr)"]
[EventRounds "6"]
[EventCountry "GER"]
[SourceTitle "Corr 2015"]
[Source "ChessBase"]
[SourceDate "2015.07.17"]
[SourceVersion "1"]
[SourceVersionDate "2015.07.17"]
[SourceQuality "1"]

1. d4 d5 2. c4 Bf5 3. cxd5 Bxb1 4. Qa4+ c6 5. dxc6 Nxc6 6. Rxb1 Qxd4 7. Qxd4 Nxd4 8. e3 Nc6 9. Bd2 e6 10. Nf3 a6 11. a3 Nf6 12. Bd3 Be7 13. 0-0 0-0 14. Rbc1 Rfd8 15. Bc2 Rac8 16. Rfd1 Nd5 17. e4 Nf6 18. Bc3 Rxd1+ 19. Rxd1 b5 20. Kf1 a5 21. Bd3 b4 22. axb4 axb4 23. Be1 Rd8 24. Ke2 h6 25. h3 Na5 26. Ne5 g5 27. Rc1 Bd6 28. Nc6 Nxc6 29. Rxc6 Bf8 30. Bd2 Nd7 31. Bb1 Ne5 32. Rc1 Ng6 33. g3 Bd6 34. Ba2 Ra8 35. Bb3 Be5 36. Rc2 Kg7 37. Bc4 b3 38. Bxb3 Rb8 39. Bc4 Bxb2 40. f4 gxf4 41. gxf4 Bf6 42. Kf3 Nh4+ 43. Kf2 Ng6 44. Be3 e5 45. f5 Nf4 46. Kg3 Bg5 47. Kg4 Rc8 48. Bf2 Ra8 49. Ra2 Rc8 50. Rc2 Ra8 51. Bg3 Ra3 52. Bxf4 exf4 53. Rg2 f6 54. h4 Rg3+ 55. Rxg3 fxg3 56. Kxg3 Bd2 57. Kg4 Bc3 58. Bd5 Be5 59. Bb3 1/2-1/2